[Event "M?R 2020 v rapid ?achu druzstev"]
[Site "Turnov"]
[Date "2020.09.13"]
[Round "9.8"]
[White "Pribyl DPP, Josef"]
[Black "Hulin BAK, Petr"]
[Result "0-1"]
[BlackElo "2066"]
[WhiteElo "2256"]
[LiveChessVersion "1.4.8"]

1. c4 {[%clk 0:15:08]} Nf6 {[%clk 0:15:08]} 2. Nc3 {[%clk 0:15:12]} e6
{[%clk 0:15:11]} 3. e4 {[%clk 0:15:15]} d5 {[%clk 0:15:15]} 4. e5
{[%clk 0:15:19]} d4 {[%clk 0:15:15]} 5. exf6 {[%clk 0:15:21]} dxc3
{[%clk 0:15:17]} 6. fxg7 {[%clk 0:15:21]} cxd2+ {[%clk 0:15:19]} 7. Qxd2
{[%clk 0:15:24]} Qxd2+ {[%clk 0:15:20]} 8. Bxd2 {[%clk 0:15:27]} Bxg7
{[%clk 0:15:23]} 9. O-O-O {[%clk 0:15:30]} c5 {[%clk 0:14:59]} 10. g3
{[%clk 0:15:13]} Nc6 {[%clk 0:15:02]} 11. Bg2 {[%clk 0:15:14]} Bd7
{[%clk 0:15:02]} 12. Ne2 {[%clk 0:15:12]} O-O-O {[%clk 0:14:49]} 13. Be3
{[%clk 0:15:07]} b6 {[%clk 0:14:33]} 14. Rd2 {[%clk 0:15:08]} Ne5
{[%clk 0:14:22]} 15. b3 {[%clk 0:15:05]} Bc6 {[%clk 0:14:20]} 16. Bxc6
{[%clk 0:14:54]} Nxc6 {[%clk 0:14:20]} 17. Rhd1 {[%clk 0:14:45]} Rxd2
{[%clk 0:14:12]} 18. Rxd2 {[%clk 0:14:48]} Rd8 {[%clk 0:14:15]} 19. f4
{[%clk 0:13:47]} f5 {[%clk 0:12:58]} 20. a3 {[%clk 0:13:36]} e5 {[%clk 0:12:53]}
21. Kc2 {[%clk 0:13:03]} e4 {[%clk 0:10:33]} 22. Rxd8+ {[%clk 0:11:47]} Kxd8
{[%clk 0:10:34]} 23. Nc1 {[%clk 0:10:30]} Kd7 {[%clk 0:10:01]} 24. h3
{[%clk 0:09:59]} h5 {[%clk 0:10:04]} 25. Bd2 {[%clk 0:09:54]} Ke6
{[%clk 0:09:22]} 26. b4 {[%clk 0:09:48]} Nd4+ {[%clk 0:08:29]} 27. Kd1
{[%clk 0:09:43]} b5 {[%clk 0:06:53]} 28. cxb5 {[%clk 0:09:01]} Nxb5
{[%clk 0:06:31]} 29. a4 {[%clk 0:08:54]} Nc3+ {[%clk 0:04:05]} 30. Kc2
{[%clk 0:08:58]} Nxa4 {[%clk 0:04:03]} 31. Kb3 {[%clk 0:09:01]} Nb2
{[%clk 0:02:57]} 32. bxc5 {[%clk 0:09:00]} Kd5 {[%clk 0:02:56]} 33. Be3
{[%clk 0:08:15]} Nd3 {[%clk 0:02:15]} 34. Nxd3 {[%clk 0:08:13]} exd3
{[%clk 0:02:16]} 35. c6 {[%clk 0:08:15]} Kxc6 {[%clk 0:02:17]} 36. Kc4
{[%clk 0:08:19]} a5 {[%clk 0:02:14]} 37. Kxd3 {[%clk 0:08:09]} Kb5
{[%clk 0:02:15]} 38. Bc1 {[%clk 0:07:47]} a4 {[%clk 0:02:13]} 39. Ba3
{[%clk 0:07:49]} Bf6 {[%clk 0:02:17]} 40. Bd6 {[%clk 0:06:03]} Bb2
{[%clk 0:02:01]} 41. Kc2 {[%clk 0:06:08]} a3 {[%clk 0:01:42]} 42. Kb3
{[%clk 0:05:57]} Kc6 {[%clk 0:01:46]} 43. Be7 {[%clk 0:05:40]} Kd5
{[%clk 0:01:46]} 44. Bg5 {[%clk 0:05:18]} Ke4 {[%clk 0:01:43]} 45. Bh4
{[%clk 0:05:21]} Kf3 {[%clk 0:01:39]} 46. Ka2 {[%clk 0:05:25]} Kg2
{[%clk 0:01:40]} 47. Kb3 {[%clk 0:04:55]} Kxh3 {[%clk 0:01:43]} 48. Ka2
{[%clk 0:05:00]} Kg4 {[%clk 0:01:45]} 49. Kb3 {[%clk 0:05:04]} Bc1
{[%clk 0:01:39]} 50. Ka2 {[%clk 0:05:07]} Bxf4 {[%clk 0:01:42]} 51. Kxa3
{[%clk 0:05:10]} Bxg3 {[%clk 0:01:45]} 52. Be7 {[%clk 0:05:14]} h4
{[%clk 0:01:46]} 53. Kb2 {[%clk 0:05:17]} h3 {[%clk 0:01:49]} 54. Kc2
{[%clk 0:05:20]} h2 {[%clk 0:01:53]} 0-1